<?xml version="1.0" encoding="UTF-8"?>
<record
    xmlns:xsi="http://www.w3.org/2001/XMLSchema-instance"
    xsi:schemaLocation="http://www.loc.gov/MARC21/slim http://www.loc.gov/standards/marcxml/schema/MARC21slim.xsd"
    xmlns="http://www.loc.gov/MARC21/slim">

  <leader>04287nam a2200409   4500</leader>
  <controlfield tag="003">OSt</controlfield>
  <controlfield tag="005">20260213142528.0</controlfield>
  <controlfield tag="008">260203s    2012mx adk||r|||| 00| 0 spa d</controlfield>
  <datafield tag="020" ind1=" " ind2=" ">
    <subfield code="a">978-607-32-0995-3</subfield>
  </datafield>
  <datafield tag="040" ind1=" " ind2=" ">
    <subfield code="a">CHAP</subfield>
    <subfield code="c">PA</subfield>
    <subfield code="e">rda</subfield>
  </datafield>
  <datafield tag="041" ind1=" " ind2=" ">
    <subfield code="a">spa</subfield>
    <subfield code="b">spa</subfield>
    <subfield code="f">spa</subfield>
    <subfield code="h">spa</subfield>
  </datafield>
  <datafield tag="082" ind1="0" ind2="0">
    <subfield code="a">PA 578.87</subfield>
    <subfield code="b">.B43 2012</subfield>
  </datafield>
  <datafield tag="100" ind1="1" ind2=" ">
    <subfield code="a">Becker, Wayne M.</subfield>
    <subfield code="9">131102</subfield>
  </datafield>
  <datafield tag="245" ind1=" " ind2=" ">
    <subfield code="a">Biolog&#xED;a celular y molecular /</subfield>
    <subfield code="c">Wayne M. Becker, Lewis J. Kleinsmith, Jeff Hardin, William S. Klug, Michael R. Cummings, Charlotte A. Spencer, Teresa Audesirk, Gerald Audesirk, Bruce E. Byers, Jaime Gonz&#xE1;lez Poggio, Alberto Garc&#xED;a Gonz&#xE1;lez, </subfield>
  </datafield>
  <datafield tag="264" ind1=" " ind2=" ">
    <subfield code="a">M&#xE9;xico :</subfield>
    <subfield code="b">Pearson,</subfield>
    <subfield code="c">2012</subfield>
  </datafield>
  <datafield tag="300" ind1=" " ind2=" ">
    <subfield code="a">xxxi, 981 p&#xE1;ginas :</subfield>
    <subfield code="b">ilustraciones, gr&#xE1;ficas;</subfield>
  </datafield>
  <datafield tag="336" ind1=" " ind2=" ">
    <subfield code="2">rdacontent</subfield>
    <subfield code="a">texto</subfield>
    <subfield code="b">txt</subfield>
  </datafield>
  <datafield tag="337" ind1=" " ind2=" ">
    <subfield code="2">rdamedia</subfield>
    <subfield code="a">sin medio</subfield>
    <subfield code="b">n</subfield>
  </datafield>
  <datafield tag="338" ind1=" " ind2=" ">
    <subfield code="2">rdacarrier</subfield>
    <subfield code="a">volumen</subfield>
    <subfield code="b">nc</subfield>
  </datafield>
  <datafield tag="505" ind1=" " ind2=" ">
    <subfield code="a">Acerca de los autores.-- Pr&#xF3;logo.-- Agradecimientos. Carta del Rector.-- Cap&#xED;tulo 1 Principios y t&#xE9;cnicas de microscop&#xED;a.-- Cap&#xED;tulo 2 Una visi&#xF3;n de la c&#xE9;lula.-- Cap&#xED;tulo 3 C&#xE9;lulas y org&#xE1;nulos.-- Cap&#xED;tulo 4  La qu&#xED;mica de la c&#xE9;lula.-- Cap&#xED;tulo 5 Las macromol&#xE9;culas de la c&#xE9;lula.-- Cap&#xED;tulo 6 Bionerg&#xE9;tica: El flujo de energ&#xED;a en la c&#xE9;lula.-- Cap&#xED;tulo 7 Enzimas: los catalizadores de la vida.-- Cap&#xED;tulo 8 Membranas: estructura, qu&#xED;mica y funci&#xF3;n.-- Cap&#xED;tulo 9 Transporte a trav&#xE9;s de membrana: saltando la barrera de permeabilidad.-- Cap&#xED;tulo 10 Metabolismo de la energ&#xED;a quimiotr&#xF3;fica: gluc&#xF3;lisis, fermentaci&#xF3;n.-- Cap&#xED;tulo 11 Metabolismo quimi&#xF3;trofo de la energ&#xED;a: respiraci&#xF3;n aerobia.-- Cap&#xED;tulo 12. Base estructural de la informaci&#xF3;n celular: DNA, cromosomas y el n&#xFA;cleo.-- Cap&#xED;tulo 13 Expresi&#xF3;n g&#xE9;nica: I. El c&#xF3;digo gen&#xE9;tico y la transcripci&#xF3;n.-- Cap&#xED;tulo 14. Expresi&#xF3;n g&#xE9;nica: II. S&#xED;ntesis y clasificaci&#xF3;n de prote&#xED;nas.-- Cap&#xED;tulo 15. Comportamiento intracelulares: ret&#xED;culo endopl&#xE1;smico, complejo de golgi, endosomas, lisosomas y peroxisomas.-- Cap&#xED;tulo 16 La regulaci&#xF3;n de la expresi&#xF3;n g&#xE9;nica.-- Cap&#xED;tulo 17 El citoesqueleto.-- Cap&#xED;tulo 18 Movimiento celular: motilidad y contractilidad.-- Cap&#xED;tulo 19 M&#xE1;s all&#xE1; de la c&#xE9;lula: estructuras extracelulares, adhesi&#xF3;n y uniones celulares.-- Cap&#xED;tulo 20 Mecanismos de transducci&#xF3;n de se&#xF1;aI: I. Se&#xF1;ales el&#xE9;ctricas en c&#xE9;lulas nerviosas.-- Cap&#xED;tulo 21 Mecanismos de transducci&#xF3;n de se&#xF1;ales:II. Mensajeros y receptores. Cap&#xED;tulo 22 Ciclo celular, replicaci&#xF3;n del DNA y mitosis.--Cap&#xED;tulo 23 Reproducci&#xF3;n sexual, neiosis y recombinaci&#xF3;n gen&#xE9;tica.-- Cap&#xED;tulo 24 Bases celulares y moleculares de gen&#xE9;tica humana.-- Cap&#xED;tulo del DNA recombinante. Cap&#xED;tulo 26 Gen&#xF3;mica y prote&#xF3;mica.-- Cap&#xED;tulo 27 Defensa contra la enfermedad.-- Cap&#xED;tulo 28 Bases celulares y moleculares del envejecimiento.-- Cap&#xED;tulo 29 C&#xE9;lulas cancerosas. </subfield>
  </datafield>
  <datafield tag="520" ind1=" " ind2=" ">
    <subfield code="a">El presente libro actualiza nuevos temas como: Bases celulares y moleculares en gen&#xE9;tica humana, Bases celulares y moleculares en envejecimiento y Conceptos b&#xE1;sicos en inmunolog&#xED;a.
Los conceptos y contenidos permiten al estudiante y al m&#xE9;dico profesional adquirir los conocimientos b&#xE1;sicos de la c&#xE9;lula, su estructura y funciones, los cuales explican los procesos normales y anormales del cuerpo humano. 
Este material permite relacionarlos con las disciplinas de qu&#xED;mica, bioqu&#xED;mica, histolog&#xED;a, anatom&#xED;a, fisiolog&#xED;a y microbiolog&#xED;a.
El orden de los contenidos generales llevan a la comprensi&#xF3;n de la c&#xE9;lula, siendo esto: biomol&#xE9;culas que la componen, clasificaci&#xF3;n de las c&#xE9;lulas, m&#xE9;todos utilizados en la biolog&#xED;a celular y molecular, estructuras y organelos, tipos de divisi&#xF3;n celular, conceptos b&#xE1;sicos de gen&#xE9;tica, envejecimiento y c&#xE1;ncer.</subfield>
  </datafield>
  <datafield tag="534" ind1=" " ind2=" ">
    <subfield code="p">T&#xED;tulo original:</subfield>
  </datafield>
  <datafield tag="650" ind1=" " ind2="0">
    <subfield code="a">Biolog&#xED;a celular</subfield>
    <subfield code="9">139482</subfield>
  </datafield>
  <datafield tag="650" ind1=" " ind2="7">
    <subfield code="a">Citolog&#xED;a</subfield>
    <subfield code="9">23489</subfield>
  </datafield>
  <datafield tag="650" ind1=" " ind2="7">
    <subfield code="a">Biof&#xED;sica</subfield>
    <subfield code="9">12735</subfield>
  </datafield>
  <datafield tag="700" ind1="1" ind2=" ">
    <subfield code="a">Kleinsmith, Lewis J.</subfield>
    <subfield code="9">131103</subfield>
  </datafield>
  <datafield tag="700" ind1="1" ind2=" ">
    <subfield code="a">Hardin, Jeff</subfield>
    <subfield code="9">131104</subfield>
  </datafield>
  <datafield tag="700" ind1="0" ind2=" ">
    <subfield code="a">Klug, William S.</subfield>
    <subfield code="9">63482</subfield>
  </datafield>
  <datafield tag="700" ind1="1" ind2=" ">
    <subfield code="a">Cummings, Michael R.</subfield>
    <subfield code="9">140614</subfield>
  </datafield>
  <datafield tag="700" ind1="1" ind2=" ">
    <subfield code="a"> Spencer, Charlotte A.</subfield>
    <subfield code="9">142941</subfield>
  </datafield>
  <datafield tag="700" ind1="0" ind2=" ">
    <subfield code="a">Audesirk, Teresa</subfield>
    <subfield code="9">8305</subfield>
  </datafield>
  <datafield tag="700" ind1="0" ind2=" ">
    <subfield code="a">Audesirk, Gerald</subfield>
    <subfield code="9">8304</subfield>
  </datafield>
  <datafield tag="700" ind1="0" ind2=" ">
    <subfield code="a">Byers, Bruce E.</subfield>
    <subfield code="9">16492</subfield>
  </datafield>
  <datafield tag="700" ind1=" " ind2=" ">
    <subfield code="a">Gonz&#xE1;lez Poggio, Jaime</subfield>
    <subfield code="9">191587</subfield>
  </datafield>
  <datafield tag="700" ind1="0" ind2=" ">
    <subfield code="a">Gonz&#xE1;lez Benavente-Garc&#xED;a, Alberto</subfield>
    <subfield code="9">48723</subfield>
  </datafield>
  <datafield tag="942" ind1=" " ind2=" ">
    <subfield code="2">ddc</subfield>
    <subfield code="c">LIBRO</subfield>
  </datafield>
  <datafield tag="999" ind1=" " ind2=" ">
    <subfield code="c">233142</subfield>
    <subfield code="d">233142</subfield>
  </datafield>
  <datafield tag="952" ind1=" " ind2=" ">
    <subfield code="0">0</subfield>
    <subfield code="1">0</subfield>
    <subfield code="2">ddc</subfield>
    <subfield code="4">0</subfield>
    <subfield code="5">1</subfield>
    <subfield code="7">0</subfield>
    <subfield code="8">GRAL</subfield>
    <subfield code="a">PA</subfield>
    <subfield code="b">PA</subfield>
    <subfield code="d">2026-02-03</subfield>
    <subfield code="e">Compra</subfield>
    <subfield code="f">Libro</subfield>
    <subfield code="i">Consumo</subfield>
    <subfield code="l">0</subfield>
    <subfield code="o">PA 578.87  .B43 2012</subfield>
    <subfield code="p">4102004191</subfield>
    <subfield code="r">2026-02-03 12:15:37</subfield>
    <subfield code="t">Ej.1</subfield>
    <subfield code="w">2026-02-03</subfield>
    <subfield code="y">LIBRO</subfield>
  </datafield>
  <datafield tag="952" ind1=" " ind2=" ">
    <subfield code="0">0</subfield>
    <subfield code="1">0</subfield>
    <subfield code="2">ddc</subfield>
    <subfield code="4">0</subfield>
    <subfield code="5">3</subfield>
    <subfield code="7">0</subfield>
    <subfield code="8">GRAL</subfield>
    <subfield code="a">PA</subfield>
    <subfield code="b">PA</subfield>
    <subfield code="d">2026-02-16</subfield>
    <subfield code="e">Compra</subfield>
    <subfield code="f">Libro</subfield>
    <subfield code="i">Consumo</subfield>
    <subfield code="l">0</subfield>
    <subfield code="o">PA 578.87 .B43 2012</subfield>
    <subfield code="p">4102004192</subfield>
    <subfield code="r">2026-02-16 13:53:30</subfield>
    <subfield code="t">Ej.2</subfield>
    <subfield code="w">2026-02-16</subfield>
    <subfield code="y">LIBRO</subfield>
  </datafield>
  <datafield tag="952" ind1=" " ind2=" ">
    <subfield code="0">0</subfield>
    <subfield code="1">0</subfield>
    <subfield code="2">ddc</subfield>
    <subfield code="4">0</subfield>
    <subfield code="5">3</subfield>
    <subfield code="7">0</subfield>
    <subfield code="8">GRAL</subfield>
    <subfield code="a">PA</subfield>
    <subfield code="b">PA</subfield>
    <subfield code="d">2026-02-16</subfield>
    <subfield code="e">Compra</subfield>
    <subfield code="f">Libro</subfield>
    <subfield code="i">Consumo</subfield>
    <subfield code="l">0</subfield>
    <subfield code="o">PA 578.87 .B43 2012</subfield>
    <subfield code="p">4102004193</subfield>
    <subfield code="r">2026-02-16 13:55:07</subfield>
    <subfield code="t">Ej.3</subfield>
    <subfield code="w">2026-02-16</subfield>
    <subfield code="y">LIBRO</subfield>
  </datafield>
  <datafield tag="952" ind1=" " ind2=" ">
    <subfield code="0">0</subfield>
    <subfield code="1">0</subfield>
    <subfield code="2">ddc</subfield>
    <subfield code="4">0</subfield>
    <subfield code="5">3</subfield>
    <subfield code="7">0</subfield>
    <subfield code="8">GRAL</subfield>
    <subfield code="a">PA</subfield>
    <subfield code="b">PA</subfield>
    <subfield code="d">2026-02-16</subfield>
    <subfield code="e">Compra</subfield>
    <subfield code="f">Libro</subfield>
    <subfield code="i">Consumo</subfield>
    <subfield code="l">0</subfield>
    <subfield code="o">PA 578.87 .B43 2012</subfield>
    <subfield code="p">4102004194</subfield>
    <subfield code="r">2026-02-16 13:55:45</subfield>
    <subfield code="t">Ej.4</subfield>
    <subfield code="w">2026-02-16</subfield>
    <subfield code="y">LIBRO</subfield>
  </datafield>
</record>
